1449 1228 1403 1611 1022 1723 1126 1093 1603 1028 1543 1454 1790 1284 1090 1617 1614 1425 1784 1818 1239 1528 1185 1686 1389 1366 1927 1009 1614 1598 1390 1243 1060 1021 1704 1650 1380 1309 1799 1353 1710 1120 1539 1354 1425 1858 1166 1820 1769 1070 1681 1416 1898 1627 1720 1885 1700 1066 1135 1391 1372 1375 1349 1766 1035 1590 1557 1777 1731 1150 1384 1881 1039 1322 1367 1735 1962 1278 1303 1427 1881 1054 1022 1892 1236 1204 1076 1704 1030 1291 1739 1137 1134 1010 1459 1777 1455 1777 1664 BCNSPRNW ULIB Ver.6.0+V

เปลี่ยนเป็นภาษาไทย

Change to English
 แสดงรายละเอียดบรรณานุกรม
  กลับหน้าหลัก

Brief Record : Get Marc (ISO 2709) : E-mail record : QR code < ปิดหน้าต่าง
LEADER : 00000nam 2200000uu 4500
001    13399122446
003     ULIB
008    130612s2555||||th 000 0 tha d
020    ^a9786162790850
060 04 ^aWY161^bส869C
110 1  ^aมหาวิทยาลัยมหิดล. ^bฝ่ายการพยาบาล.^bคณะแพทยศาสตร์ศิริราชพยาบาล มหาวิทยาลัยมหิดล
245 00 ^aClinical Nursing Trigger in Surgical Patient/^cบรรณาธิการ,สุวภาพ จันทรสมบูรณ์
250    ^aพิมพ์ครั้งที่ 1
260    ^aกรุงเทพฯ :^bฝ่ายการพยาบาล คณะแพทยศาสตร์ศิริราชพยาบาล มหาวิทยาลัยมหิดล,^c2555
300    ^a158 หน้า ;^c26 ซม.
650  7 ^aการพยาบาลศัลยศาสตร์
650  7 ^aการดูแลผู้ป่วย^xหลังผ่าตัด
700 0  ^aสุวภาพ จันทรสมบูรณ์,^eบรรณาธิการ
945    ^p220^l0^i19928
945    ^p220^l0^i19929
945    ^p220^l0^i19930
945    ^p220^l0^i19931
945    ^p220^l0^i19932
995    ^aทศพร
999    ^aทศพร
รายการนี้ยังไม่มีแท็ก
คุณยังไม่ได้ล็อกอิน คุณสามารถมีกิจกรรมร่วมกับเว็บไซต์ได้ แต่ต้องล็อกอินก่อน ::
  ล็อกอิน

รายการสื่อสารสนเทศ

ลำดับที่ ประเภท เลขเรียก/บาร์โค้ด สถานที่ สถานะ
1. Book การพยาบาล
Book การพยาบาล
สถานะ=หนังสือเก่า
WY161 ส869C ฉ.1 
  Barcode: 19928
ห้องสมุดวิทยาเขตนครสวรรค์
►ส่วนจัดเก็บหนังสือเก่า นว.
บนชั้น
  ขอยืม
2. Book การพยาบาล
Book การพยาบาล
สถานะ=หนังสือเก่า
WY161 ส869C ฉ.2 
  Barcode: 19929
ห้องสมุดวิทยาเขตนครสวรรค์
►ส่วนจัดเก็บหนังสือเก่า นว.
บนชั้น
  ขอยืม
3. Book การพยาบาล
Book การพยาบาล
สถานะ=หนังสือเก่า
WY161 ส869C ฉ.3 
  Barcode: 19930
ห้องสมุดวิทยาเขตนครสวรรค์
►ส่วนจัดเก็บหนังสือเก่า นว.
บนชั้น
  ขอยืม
4. Book การพยาบาล
Book การพยาบาล
สถานะ=หนังสือเก่า
WY161 ส869C ฉ.4 
  Barcode: 19931
ห้องสมุดวิทยาเขตนครสวรรค์
►ส่วนจัดเก็บหนังสือเก่า นว.
บนชั้น
  ขอยืม
5. Book การพยาบาล
Book การพยาบาล
สถานะ=หนังสือเก่า
WY161 ส869C ฉ.5 
  Barcode: 19932
ห้องสมุดวิทยาเขตนครสวรรค์
►ส่วนจัดเก็บหนังสือเก่า นว.
บนชั้น
  ขอยืม

รายการใกล้เคียง
    หัวเรื่อง [การพยาบาลศัลยศาสตร์]

BibComment


ยังไม่เคยถูกคอมเมนท์

คอมเมนท์ทรัพยากรรายการนี้
  คอมเมนท์: Clinical Nursing..


 Copyright 2026. Bcnsprnw @Library